| 000 | 01711nam a2200421 a 4500 | ||
|---|---|---|---|
| 001 | ebr10648933 | ||
| 003 | CaPaEBR | ||
| 006 | m u | ||
| 007 | cr cn||||||||| | ||
| 008 | 120924s2013 ne sb 001 0 eng d | ||
| 010 | _z 2012039081 | ||
| 020 | _z9789004230415 (pbk. alk. paper) | ||
| 020 | _z9789004243415 (e-book) | ||
| 040 |
_aCaPaEBR _cCaPaEBR |
||
| 035 | _a(OCoLC)825978166 | ||
| 043 | _ama----- | ||
| 050 | 1 | 4 |
_aKMC128.5 _b.A73 2013eb |
| 082 | 0 | 4 |
_a909/.097492708312 _223 |
| 245 | 0 | 4 |
_aThe Arab spring _h[electronic resource] : _bnew patterns for democracy and international law / _cedited by Carlo Panara and Gary Wilson. |
| 260 |
_aLeiden ; _aBoston : _bM. Nijhoff Publishers, _c2013. |
||
| 300 | _axi, 292 p. | ||
| 490 | 1 |
_aNijhoff law specials, _x0924-4549 ; _vv. 82 |
|
| 504 | _aIncludes bibliographical references and index. | ||
| 533 |
_aElectronic reproduction. _bPalo Alto, Calif. : _cebrary, _d2013. _nAvailable via World Wide Web. _nAccess may be limited to ebrary affiliated libraries. |
||
| 650 | 0 |
_aConflict of laws _xPublic policy _zArab countries. |
|
| 650 | 0 | _aArab Spring, 2010- | |
| 650 | 0 | _aInternational law. | |
| 650 | 0 | _aDemocracy. | |
| 650 | 0 |
_aDemocratization _zArab countries _xHistory _y21st century. |
|
| 650 | 0 |
_aRevolutions _zArab countries _xHistory _y21st century. |
|
| 651 | 0 |
_aArab countries _xPolitics and government _y21st century. |
|
| 655 | 7 |
_aElectronic books. _2local |
|
| 700 | 1 | _aPanara, Carlo. | |
| 700 | 1 |
_aWilson, Gary, _cDr. |
|
| 710 | 2 | _aebrary, Inc. | |
| 830 | 0 |
_aNijhoff law specials ; _v82. |
|
| 856 | 4 | 0 |
_uhttp://site.ebrary.com/lib/rucke/Doc?id=10648933 _zAn electronic book accessible through the World Wide Web; click to view |
| 999 |
_c44908 _d44908 |
||